000 00260nam a2200109Ia 4500
008 190216s9999||||xx |||||||||||||| ||und||
100 _aKumaranasan N
245 0 _aChinthavishtayaya Seetha
260 _bPrabhath Book House
650 _aKavithkal
942 _cBK
999 _c23860
_d23860